01674nam a2200385Ia 4500001001200000003000800012006001900020007001500039008004100054010001700095020003300112020003600145040002100181035002100202050002500223100001900248245013400267246004600401246004900447260005800496300003200554504005100586533015200637650007300789650007200862651003800934651003600972651002401008651004101032655002901073700002601102710001701128856012601145999001701271ebr10225526CaPaEBRm u cr cn|||||||||060808s2007 mnuab sb s001 0 eng d z 2006026050 z081664358X (hc : alk. paper) z9780816643585 (hc : alk. paper) aCaPaEBRcCaPaEBR a(OCoLC)29060738514aTF725.M6bD54 2007eb1 aDiers, John W.10aTwin cities by trolleyh[electronic resource] :bthe streetcar era in Minneapolis and St. Paul /cJohn W. Diers and Aaron Isaacs.30aStreetcar era in Minneapolis and St. Paul3 aStreet car era in Minneapolis and Saint Paul aMinneapolis :bUniversity of Minnesota Press,cc2007. axiii, 348 p. :bill., maps. aIncludes bibliographical references and index. aElectronic reproduction.bPalo Alto, Calif. :cebrary,d2009.nAvailable via World Wide Web.nAccess may be limited to ebrary affiliated libraries. 0aStreet-railroadszMinnesotazMinneapolis Metropolitan AreaxHistory. 0aStreet-railroadszMinnesotazSaint Paul Metropolitan AreaxHistory. 0aHennepin County (Minn.)xHistory. 0aRamsey County (Minn.)xHistory. 0aMinnesotaxHistory. 0aMinnesotaxHistoryvPictorial works. 7aElectronic books.2local1 aIsaacs, Aaron,d1949-2 aebrary, Inc.40uhttp://site.ebrary.com/lib/rucke/Doc?id=10225526zAn electronic book accessible through the World Wide Web; click to view c40834d40834